000 00280nam a22001337a 4500
008 170628b xxu||||| |||| 00| 0 eng d
020 _a9789951001106
041 _aalb
080 _a05
100 _a21
101 _aGJL
245 _aGJUHE AMTARE
_cJASHARI,A
942 _2udc
_cBK
999 _c19381
_d19381